000 00828nam a2200217 i 4500
001 bg
100 1 _aBOCHAT, Andrzej
245 1 0 _aIdentyfikacja obciążeń zespołu roboczego wybieraka silosu wieżowego /
_cAndrzej Bochat.
260 _aBydgoszcz :
_bWydaw. Uczelniane ATR,
_c1994.
300 _a95 s. :
_bfot., rys., wykr. ;
_c24 cm.
490 1 _aRozprawy / Akademia Techniczno-Rolnicza im. Jana i Jędrzeja Śniadeckich w Bydgoszczy,
_x0209-0597 ;
_vnr 61
504 _aBibliogr. s. 84-88.
650 9 _aSilosy
_xbudowa i konstrukcje
650 9 _aModele matematyczne
_xstosowanie
830 0 _aRozprawy (Akademia Techniczno-Rolnicza im. Jana i Jędrzeja Śniadeckich w Bydgoszczy) ;
_vnr 61
040 _cBPK
041 _apol
080 _a624.954:62-2
942 _cKS
008 s pl f |000 0 pol
999 _c30506
_d30506
856 _uhttp://koha.tu.koszalin.pl/cgi-bin/koha/opac-detail.pl?biblionumber=30506
_yKatalog online BPK